Stemmi mal disegnati #1 - Statistics

Statistiche generali
  • Questo quiz è stato fatto 70 volte
  • Il punteggio medio è 13 su 15
Statistiche sulle risposte
con Immagini Risposta % Corretto
AC Milan
100%
Inter Milano
99%
Juventus
99%
Barcellona
97%
Real Madrid
97%
Arsenal
96%
Paris Saint-Germain
96%
Borussia Dortmund
93%
Bayern Monaco
91%
Aston Villa
81%
Olympiacos
81%
Porto
79%
AS Monaco
76%
Olympique Marseille
70%
Crvena Zvezda
42%
Nessun quiz corrispondente trovato
Distribuzione punteggi
Percentuale di utenti per punteggio
Percentile per numero di risposta
I tuoi punteggi nel tempo
Non hai fatto questo quiz